British parliamentary parties 1742-1832 : from the fall of walpole to the first reform act
Αποθηκεύτηκε σε:
| Κύριος συγγραφέας: | |
|---|---|
| Μορφή: | Βιβλίο |
| Γλώσσα: | English |
| Δημοσίευση: |
London :
George Allen and Unwin,
1985
|
| Θέματα: | |
| Ετικέτες: |
Προσθήκη ετικέτας
Δεν υπάρχουν, Καταχωρήστε ετικέτα πρώτοι!
|
MARC
| LEADER | 00000nam a2200000 i 4500 | ||
|---|---|---|---|
| 001 | 1/3950 | ||
| 008 | 960430s1985 eng d | ||
| 020 | |a 0-04-942188-3 | ||
| 035 | |l 10015402 | ||
| 040 | |a GR-MY-UA |b gre |e aacr | ||
| 041 | 0 | |a eng | |
| 082 | 0 | |a 324.24102 | |
| 100 | 1 | |a Hill, Brian W. | |
| 245 | 1 | 0 | |a British parliamentary parties 1742-1832 : |b from the fall of walpole to the first reform act / |c B. W. Hill |
| 260 | |a London : |b George Allen and Unwin, |c 1985 | ||
| 300 | |a 272 p. | ||
| 504 | |a Includes bibliography and index | ||
| 650 | 0 | 0 | |a Political parties |z Great Britain |x History. |
| 651 | 0 | |a Great Britain |x Politics and government |y 18th century. | |
| 651 | 0 | |a Great Britain |x Politics and government |y 19th century. | |
| 852 | |a INST |b LESVOS |e 19960430 |h 324.24102 HIL |p 005100010420 |q 005100010420 |t BK |y 0 | ||
| 909 | |a Λ |b 045048 | ||